| 000 | 02064cam a22004454i 4500 | ||
|---|---|---|---|
| 003 | PE-LiUPU | ||
| 005 | 20250731175627.0 | ||
| 008 | 190814s2019 ag a rb 000 0 spa d | ||
| 020 | _a9877601931 | ||
| 020 | _a9789877601930 | ||
| 035 | _a(Sirsi) a252480 | ||
| 040 |
_aPE-LiUPU _bspa _cPE-LiUPU _erda |
||
| 049 | _aPRUA | ||
| 082 | 0 | 4 |
_a414 _bA61 _220 |
| 100 | 1 |
_aAngiono, Vanina Andrea, _eautor. |
|
| 245 | 1 | 0 |
_aManual de los transtornos de la comunicación, el lenguaje y el habla : _b"una mirada interdisciplinaria en niños y adultos" / _cVanina Andrea Angiono [y otros cinco]. |
| 250 | _a1° edición. | ||
| 264 | 1 |
_aCórdoba : _bBrujas, _c2019. |
|
| 300 |
_a[187] páginas : _bilustraciones ; _c23 centímetros |
||
| 336 |
_atext _2rdacontent |
||
| 337 |
_aunmediated _2rdamedia |
||
| 338 |
_avolume _2rdacarrier |
||
| 504 | _aIncluye bibliografía al final de cada capítulo. | ||
| 505 | 0 | _aBreve reseña sobre conceptos de comunicación, lenguaje, habla y aprendizaje -- Abordaje ecológico y calidad de vida de las personas con trastornos en la comunicación, el lenguaje y el habla -- Trastornos de la comunicación. TEA (Trastorno del espectro autista) -- Trastornos del lenguaje en el niño. Comunicación aumentativa -- Desarrollo y alteraciones de la fluidez -- Trastorno del aprendizaje. Dislexia -- Trastorno del habla en adultos. Disartrias -- Trastorno del lenguaje en el adulto. Afasia. | |
| 526 | _aP145 | ||
| 526 | _aP127 | ||
| 526 | _aP97 | ||
| 526 | _aP35 | ||
| 526 | _aP14 | ||
| 526 | _aP07 | ||
| 541 | _g002-00001571; | ||
| 650 | 0 | 4 | _aFonoaudiología. |
| 650 | 0 | 4 |
_aSalud. _9927 |
| 910 |
_abgr _bncf _cncf _d20190814 |
||
| 942 |
_2ddc _cBOOK |
||
| 994 |
_aC0 _bPEPRU |
||
| 598 | _aCATALOGING | ||
| 596 | _a1 | ||
| 999 |
_a414 A61 _wDEWEY _c31707 _i80552 _d31707 _e2019-11-4 _f2021-11-8 _g3 _lCCODEBUL1 _mBUL _n3 _p12.38 _q2 _r0 _sY _tBOOK _u2019-8-14 _xEDUCACION _PP33 _0COMPRA _1FCOMPR3 _o.STAFF. Colección Ciencias de la Salud |
||
| 980 |
_81 _gALBERTO SANCHEZ Responsable de Automatización |
||